| 000 | 00608nam a2200205Ia 4500 | ||
|---|---|---|---|
| 001 | 5697 | ||
| 003 | GE_BSU | ||
| 008 | 181216s||||||||xx |||||||||||||| ||und|| | ||
| 040 | _cGE_BSU | ||
| 080 | _a512.55 | ||
| 100 | _aАндрунакиевич, В.А. Рябухин, Ю.М.; | ||
| 245 | _aРадикалы алгебр и структурная теория. | ||
| 245 | _cРед. Ф.И. Кизнер | ||
| 260 | _aМосква | ||
| 260 | _bНаука. | ||
| 260 | _c1979. | ||
| 300 | _a495с.22см. | ||
| 653 | _aРадикалы алгебр и структурная теория | ||
| 942 | _cBK | ||
| 999 |
_c39117 _d39117 |
||